Wszyscy goście w piosenkach Quebonafide . - Statystyki

Ogólne statystyki
  • Ten quiz został rozwiązany 94 razy
  • Średni wynik to 27 z 57
Statystyki odpowiedzi
Piosenka Wykonawca % Poprawnych
8 kobiet (Remix), NIEPŁACZĘPONOTREDAME Bedoes
97%
ROMANTICPSYCHO, Kurde najs, TOKYO2020 Taco Hemingway
96%
Half dead ReTo
95%
Ciuchy, kobiety... (SB Maffija Remix), Ankh, Moje demony uciekły na urlop Białas
93%
BUBBLETEA Daria Zawiałow
90%
Jeep, ASPARTAM Mata
90%
Ciuchy, kobiety... (SB Maffija Remix), Arabska noc, Outro Solar
89%
JESIEŃ, TĘSKNIĘZASTARYMKANYE Natalia Szroeder
81%
Candy Klaudia Szafrańska
78%
Pablo, Ekodiesel (Remix) Paluch
78%
ŚWIATTOMÓJPLACZABAW Sentino
75%
Noc w noc, Kawa i xanax PlanBe
74%
GAZPROM Sokół
74%
Arabska noc Wac Toja
74%
Tamagotchi (Remix) Dawid Podsiadło
73%
Złote maliny, ZŁOTEGLOBY Kukon
73%
Hypebae Young Igi
66%
Żadnych zmartwień, Voodoo Remix Kuban
64%
Kyrie Eleison, Voodoo Remix Guzior
63%
VISA (Remix) KęKę
62%
Bollywood Czesław Mozil
60%
Wiem (Remix) Kaz Bałagane
59%
ŁAJZA Mrozu
59%
TOWSZYSTKOBYŁODLACIEBIE Ralph Kaminski
58%
Ciernie, Ciernie Remix Deys
56%
Żadnych zmartwień Kuba Knap
56%
Znaki zapytania Eripe
55%
RUMPELSTILSKIN Vito Bambino
55%
AJETLAGTOMÓJNOWYDRAG Kiełas
51%
To nie jest hip-hop KRS-One
51%
Między słowami Young Lungs
49%
COJESTMAŁPY Smarki Smark
47%
Changa iFani
42%
Vanilla Sky Ten Typ Mes
42%
Ciuchy, kobiety... Dwa Sławy
41%
Ciuchy, kobiety... (SB Maffija Remix) TomB
40%
Ile mogłem, House of Cards, Pijmy wino za kolegów K-Leah
34%
Ciuchy, kobiety... Ras
34%
Ciuchy, kobiety... Sitek
34%
Loki Kartky
30%
Szopeen Noc w noc
29%
Ciuchy, kobiety... (SB Maffija Remix) ADM
23%
Ciuchy, kobiety... (SB Maffija Remix) Danny
19%
Tarot Justyna Kuśmierczyk
18%
Voodoo Remix VNM
16%
Luis Nazario de Lima, Jezus z Rio DJ Ike
15%
Oh My Buddha, Odyseusz DJ Flip
11%
Pijmy wino za kolegów Cywinsky
10%
Frustracja Graba
7%
Koreański grill Rapa Nui
4%
Pieniążki Zbyt Mocne
4%
Casino Royale Chipsu
3%
Saigon 1955 DJ Moyes
3%
11 Pułk Kamil DSP
3%
Spiel des Jahres TPWD
3%
Saigon 1955 Denis
1%
Saigon 1955 Kamix
1%
Nie znaleziono quizów pasujących do podanych kryteriów
Rozkład punktacji
Procent ludzi z każdym wynikiem
Percentyl według liczby udzielonych odpowiedzi
Twoja historia wyników
Nie rozwiązałeś tego quizu